|
|
|
|
| LEADER |
00819naa a2200205 i 4500 |
| 001 |
publ5822 |
| 005 |
20220919133444.0 |
| 008 |
151109s2014 hu o 0|| magyar d |
| 020 |
|
|
|a 9786155478048; 9786068156606
|
| 024 |
7 |
|
|a 2872654
|2 mtmt
|
| 040 |
|
|
|a SZTE Publicatio Repozitórium
|b hun
|
| 041 |
|
|
|a magyar
|
| 100 |
1 |
|
|a Szajbély Mihály
|
| 245 |
1 |
0 |
|a Csáth Géza (1887-1919)
|h [elektronikus dokumentum] /
|c Szajbély Mihály
|
| 260 |
|
|
|a Partium; Reciti
|b Nagyvárad; Budapest
|c 2014
|
| 300 |
|
|
|a 231-240
|
| 490 |
0 |
|
|a Értelmiségi karriertörténetek, kapcsolathálók, írócsoportosulások
|
| 650 |
|
4 |
|a Nyelvek és irodalom
|
| 856 |
4 |
0 |
|u http://publicatio.bibl.u-szeged.hu/5822/1/2872654.pdf
|z Dokumentum-elérés
|
| 856 |
4 |
0 |
|u http://publicatio.bibl.u-szeged.hu/5822/2/2872654_cimlap_tartalom_u.pdf
|z Dokumentum-elérés
|